| 000 | 02596cam a2200289 i 4500 | ||
|---|---|---|---|
| 999 |
_c12059 _d12059 |
||
| 003 | OSt | ||
| 005 | 20231117152657.0 | ||
| 008 | 120626t20132013enkab b 001 0 eng | ||
| 010 | _a 2012025850 | ||
| 020 | _a9780415664752 | ||
| 040 | _aBMSCA | ||
| 041 | _aenb. | ||
| 082 | 0 | 0 |
_a307.121 _223 _bSEP |
| 100 | 1 |
_aSepe, Marichela, _eauthor. |
|
| 245 | 1 | 0 |
_aPlanning and place in the city : _bmapping place identity / _cMarichela Sepe. |
| 250 | _a1 [edition] | ||
| 300 |
_axviii, 333 pages : _billustrations (chiefly color), maps (chiefly color) ; _c25 cm |
||
| 504 | _aIncludes bibliographical references (pages 314-324) and index. | ||
| 520 | _a"Under the influence of globalization, the centres of many cities in the industrialised world are losing their place identity, the set of cultural markers that define a city's uniqueness and make it instantly recognisable. A key task for planners and residents, working together, is to preserve that unique sense of place without making the city a parody of itself. Marichela Sepe explores the preservation, reconstruction and enhancement of cultural heritage and place identity. She outlines the history of the concept of placemaking, and sets out the range of different methods of analysis and assessment that are used to help pin down the nature of place identity. This book also uses the author's own survey-based method called PlaceMaker to detect elements that do not feature in traditional mapping and identifies appropriate planning interventions. Case studies investigate cities in Europe, North America and Asia, which demonstrate how surveys and interviews can be used to draw up an analytical map of place identity. This investigative work is a crucial step in identifying cultural elements which will influence what planning decisions should be taken the future. The maps aim to establish a dialogue with local residents and support planners and administrators in making sustainable changes. The case studies are amply illustrated with survey data sheets, photos, and coloured maps. Innovative and broad-based, Planning and Place in the City lays out an approach to the identification and preservation of place identity and cultural heritage suitable for students, academics and professionals alike. "-- | ||
| 650 | 0 |
_aCity planning _xSocial aspects. |
|
| 650 | 0 |
_aArchitecture _xHuman factors. |
|
| 650 | 0 | _aCultural landscapes. | |
| 650 | 7 |
_aARCHITECTURE / Urban & Land Use Planning. _2bisacsh |
|
| 650 | 7 |
_aSOCIAL SCIENCE / Human Geography. _2bisacsh |
|
| 650 | 7 |
_aSOCIAL SCIENCE / Sociology / Urban. _2bisacsh |
|
| 942 | _2ddc | ||